000 01588nam a2200385Ia 4500
001 dia_3769
003 CHAP
005 20240228133307.0
007 ta
008 220117s2006 mx abdefr 001 0 spa d
040 _cCHAP
_amxchpua
090 _aT.C.409
_bM45 EIUPA
_c2006
245 1 0 _aSelectas de Guaymas, S. A. de C. V., Guaymas, Sonora, México /
_ccoordinador Amilcar Renan Mejenes Quijano ; colaboradores Juan de los Santos Rodríguez...[et al.]
260 _aMéxico :
_bEl autor,
_c2006
300 _a65 hojas :
_bilustraciones, mapas, gráficas, diagramas, tablas, fotods, planos
336 _2rdacontent
_atexto
_btxt
337 _2rdamedia
_asin medio
_bn
338 _2rdacarrier
_avolumen
_bnc
500 _a7° año Grupo 1
502 _aViaje de Estudios
_b(EIUPA) --
_cUACh. Departamento de Ingeniería Agroindustrial,
_d2006
505 _a3 planos -- 1. Diagrama de flujo de harina y aceite de pescado 1 -- 2. Diagrama de flujo de harina y aceite de pescado 2 -- 3. Distribución de planta (Esc. 1:300)
650 1 3 _aIndustria pesquera
_9155297
_zMéxico
_zSonora
650 1 3 _aProductos de pescados
_9155298
650 1 3 _aFish industry
_9155295
_zMexico
_zSonora
650 1 3 _aFish products
_9155296
700 1 _aMejenes Quijano, Amilcar Renán
_9147387
_ecoordinador
700 1 _aSantos Rodríguez, Juan de los
_9102527
_ecolaborador
901 _aT.C.409 M45 EIUPA 2006
902 _aM
905 _a5232272006 mx ednm8223123322spa16
942 _2local
942 _cVE
999 _c174361
_d174361